Central Library OPAC University of Rajshahi

Labour force participation in low-income countries / (Record no. 2655)

MARC details
000 -LEADER
fixed length control field 00948cam a2200289 i 4500
001 - CONTROL NUMBER
control field 2655
003 - CONTROL NUMBER IDENTIFIER
rucl marc code BD-RjUL
005 - DATE AND TIME OF LATEST TRANSACTION
control field 20211208233609.0
008 - FIXED-LENGTH DATA ELEMENTS--GENERAL INFORMATION
fixed length control field 131212r19791978sz b 000 0 eng
020 ## - INTERNATIONAL STANDARD BOOK NUMBER
International Standard Book Number 9221018113
International Standard Book Number 9221018121 (pbk.) :
035 ## - SYSTEM CONTROL NUMBER
System control number (BD-RjUL)2682
040 ## - CATALOGING SOURCE
Original cataloging agency DLC
Transcribing agency DLC
Modifying agency DLC
-- (BD-RjUL)
Language of cataloging eng
041 ## - LANGUAGE CODE
Language code of text/sound track or separate title eng
082 00 - DEWEY DECIMAL CLASSIFICATION NUMBER
Classification number 331.11091724
Author mark and year LAB
245 00 - TITLE STATEMENT
Title Labour force participation in low-income countries /
Statement of responsibility, etc. edited by Guy Standing and Glen Sheehan.
260 ## - PUBLICATION, DISTRIBUTION, ETC. (IMPRINT)
Place of publication, distribution, etc. Geneva :
Name of publisher, distributor, etc. International Labour Office,
Date of publication, distribution, etc. c1978. [Impretion 1979]
300 ## - PHYSICAL DESCRIPTION
Pagination vi, 338 p. ;
Size 24 cm.
504 ## - BIBLIOGRAPHY, ETC. NOTE
Bibliography, etc Includes bibliographical references.
650 #0 - SUBJECT ADDED ENTRY--TOPICAL TERM
Topical term or geographic name as entry element Women
General subdivision Employment
Geographic subdivision Developing countries
General subdivision Case studies.
9 (RLIN) 8562
Topical term or geographic name as entry element Labor supply
Geographic subdivision Developing countries
General subdivision Case studies.
9 (RLIN) 8563
700 1# - ADDED ENTRY--PERSONAL NAME
Personal name Standing, Guy.
Personal name Sheehan, Glen.
942 ## - ADDED ENTRY ELEMENTS (KOHA)
Source of classification or shelving scheme Dewey Decimal Classification
Koha item type Books
Holdings
Lost status Source of classification or shelving scheme Damaged status Not for loan Collection code Permanent Location Current Location Shelving location Date acquired Source of acquisition Total Checkouts Full call number Date last seen Copy number Koha item type
  Dewey Decimal Classification   Not For Loan Non-fiction Central Library, University of Rajshahi Central Library, University of Rajshahi Reading Room 31/07/1982 Aelic   331.11091724 LAB 1979 12/12/2013 C-1 Books
  Dewey Decimal Classification     Non-fiction Central Library, University of Rajshahi Central Library, University of Rajshahi   31/07/1982 Aelic   331.11091724 LAB 1979 12/12/2013 C-2 Books